| 000 | 00000nam 2200000zi 4500 |
| 001 | 9.925510 |
| 003 | CaOODSP |
| 005 | 20250828113118 |
| 006 | m o d f |
| 007 | cr cn||||||||| |
| 008 | 230725t20232023oncad ob f000 0 eng d |
| 020 | |a9780660496542 |
| 040 | |aCaOODSP|beng|erda|cCaOODSP |
| 043 | |an-cn--- |
| 086 | 1 |aH149-20/1-2023E-PDF |
| 245 | 04|aThe second legislative review of the Tobacco and Vaping Products Act : |bdiscussion paper. |
| 264 | 1|aOttawa, ON : |bHealth Canada = Santé Canada, |c2023. |
| 264 | 4|c©2023 |
| 300 | |a1 online resource (38 pages) : |billustrations, graphs |
| 336 | |atext|btxt|2rdacontent |
| 337 | |acomputer|bc|2rdamedia |
| 338 | |aonline resource|bcr|2rdacarrier |
| 500 | |aCover title. |
| 500 | |a"Publication date: September 2023." |
| 500 | |aIssued also in French under title: Document de discussion : deuxième examen législatif de la Loi sur le tabac et les produits de vapotage. |
| 504 | |aIncludes bibliographical references (pages 33-38). |
| 520 | |a"This review, the second legislative review of the Tobacco and Vaping Products Act (TVPA), will focus on the tobacco-related provisions and operation of the TVPA. Specifically, it will assess whether progress is being made towards achieving the tobacco-related objectives of the TVPA and whether the federal response, from a legislative perspective, is sufficient in addressing tobacco use in Canada. This review will serve to complement the first review on vaping products and together provide a baseline assessment of the TVPA"--Page 3. |
| 610 | 10|aCanada. |tTobacco and Vaping Products Act. |
| 650 | 0|aTobacco|xLaw and legislation|zCanada. |
| 650 | 0|aVaping|xLaw and legislation|zCanada. |
| 710 | 1 |aCanada. |bHealth Canada, |eissuing body. |
| 775 | 08|tDocument de discussion : |w(CaOODSP)9.925511 |
| 794 | |tThe third legislative review of the Tobacco and Vaping Products Act : |w(CaOODSP)9.951256 |
| 856 | 40|qPDF|s1.33 MB|uhttps://publications.gc.ca/collections/collection_2023/sc-hc/H149-20-1-2023-eng.pdf |
| 856 | 4 |qHTML|sN/A|uhttps://www.canada.ca/en/health-canada/programs/consultation-second-legislative-review-tobacco-vaping-products-act/document.html |
| 986 | |a230258 |